<The> Marketing Plan <A> Practitioner's Guide

Saved in:
Bibliographic Details
Main Author: Westwood, John
Format: Book
Language:English
Published: London Kogan Page 1990
Edition:1. ed.
Tags: Add Tag
No Tags, Be the first to tag this record!

MARC

LEADER 00000nam a2200000 4500
001 c027234
005 20221215114137.1
041 0 |a eng 
044 |a GB 
245 1 0 |a <The> Marketing Plan  |b <A> Practitioner's Guide  |c John Westwood 
250 |a 1. ed. 
264 1 |a London  |b Kogan Page  |c 1990 
300 |a 217 s. 
100 1 |a Westwood, John